MARC

LEADER 00000nam0a2200000 4500
001 369950
005 20231102012231.0
035 |a (RuTPU)RU\TPU\retro\27358 
090 |a 369950 
100 |a 20220609d1980 km y0rusy50 ca 
101 0 |a rus 
102 |a UA 
105 |a y z 001zy 
200 1 |a Теория характеристик подпространств и ее приложения  |f Ю. И. Петунин, А. Н. Пличко 
210 |a Киев  |c Вища школа  |d 1980 
215 |a 216 с. 
320 |a Библиогр.: с. 207-214 
606 1 |a Пространства банаховы  |2 stltpush  |3 (RuTPU)RU\TPU\subj\52817  |9 71214 
610 1 |a подпространства 
610 1 |a теория 
610 1 |a приложения 
610 1 |a линейные многообразия 
610 1 |a сопряженные пространства 
610 1 |a сопряженность 
610 1 |a рефлексивность 
610 1 |a линейные операторы 
610 1 |a интерполяция 
675 |a 517.982  |v 4 
700 1 |a Петунин  |b Ю. И.  |g Юрий Иванович 
701 1 |a Пличко  |b А. Н.  |g Анатолий Николаевич 
801 1 |a RU  |b 63413507  |c 20220609 
801 2 |a RU  |b 63413507  |c 20220609  |g RCR 
942 |c BK